000 00313 a2200073 4500
245 0 _aPola elektromagnetyczne :
_bMateriały III Konferencji nt. pomiarów i oceny działania pól elektromagnetycznych /
_c.
710 2 _aInstytut Medycyny Pracy.
_eWydawca
_4pbl
260 _aŁódź :
_bInstytut Medycyny Pracy,
_c1981.
300 _a269 s.;
_c34 cm.
999 _c16428
_d16428